00569nam a2200169Ia 4500008004100000020001800041041000800059082001700067100002100084245007000105250000600175260003000181300001200211650002100223999001900244952013600263210716s2012 xx 000 0 und d a9788181287915 aeng a005.762 FREA aFreitas, Alex A. aData mining and knowledge discovery with evolutionary algorithms. a1 aNew DelhibSpringerc2012 axiv,264 aData Warehousing c194462d194462 00102ddc40708MCAaAIMITbAIMITeKnowledge Worldg795.00l0o005.762 FREApMCA13970r2026-05-23 00:00:00v596.25w2021-07-16yBK